00620nam a2200169 4500001000700000003000900007005001700016007000300033008004100036100004100077245008000118260005800198300002100256852003200277999001900309952012200328137961ES-MaACL20230906195457.0t|070214s1963 sp r ||||1| spa d1 aSánchez Fontán, Rosendo.910264710aCaprichos de mi arco iris b: poesías / cpor Rosendo Sánchez Fontán. aMadrid : b[s. n.], c1963 (fImp. R. Taravilla Paul) a80 p. ; c16 cm. aES-MaACLjC-25665 bR.53077 c137961d137961 00104070aATENEOMbATENEOMcDEPO2d2008-01-17eSCl0oC-25665p1143561r2023-02-23 00:00:00w2023-02-23yMONOGRAFIA